000 00400nam a22001577a 4500
003 MPLRDC
005 20220104125352.0
008 210129b ||||| |||| 00| 0 eng d
082 _a857.9 GL-119 v.1
100 _a古龙增删、标点、评注、续写
245 _a塞外飞龙. 上
_c
260 _a
_b黄山书社
_c
300 _b
650 _a武侠小说
942 _cBK
_o857.9 GL-119 v.1
999 _c26816
_d26806